| 000 | 00660nam a2200205Ia 4500 | ||
|---|---|---|---|
| 005 | 20250508162715.0 | ||
| 008 | 008 250505s9999 xx 000 0 eng d | ||
| 037 | _aTextual | ||
| 040 |
_aFEDL _beng _cFEDL |
||
| 041 |
_aeng _2eng |
||
| 084 |
_a153.35, NCE _qFEDL |
||
| 245 | 0 | _aCreativity research: International perspective | |
| 245 | 0 | _cNational Council of Education Research and Training | |
| 260 |
_aNew Delhi, India _bNational Council of Education Research and Training _c1980 |
||
| 300 | _axxxi,332p. | ||
| 365 |
_aINR _b20.1 |
||
| 546 | _aAcc. No. 86328 is MACESE book | ||
| 942 |
_cTEXL _h153.35, NCE |
||
| 999 |
_c1378184 _d1378184 |
||